000 00413ntaaa2200169 4500
003 01
005 20251027202400.0
008 0714s1973 ag 01
040 _aAR-BaBN
_bspa
_cAR-BaBN
_eaacr
_dRIC
082 _a282.0630 AL7
100 _aAlonso, P. Gustavo
_922520
245 _aConcilio ecuménico
250 _a1 ed.
260 _aBuenos Aires :
_bEditorial Guadalupe,
_c1960
300 _a222 p
942 _cBK
999 _c18701
_d18701